|
|
|
|
| LEADER |
03663nam a22005415i 4500 |
| 001 |
978-3-319-58109-5 |
| 003 |
DE-He213 |
| 005 |
20170731091654.0 |
| 007 |
cr nn 008mamaa |
| 008 |
170731s2017 gw | s |||| 0|eng d |
| 020 |
|
|
|a 9783319581095
|9 978-3-319-58109-5
|
| 024 |
7 |
|
|a 10.1007/978-3-319-58109-5
|2 doi
|
| 040 |
|
|
|d GrThAP
|
| 050 |
|
4 |
|a LC8-6691
|
| 072 |
|
7 |
|a JNA
|2 bicssc
|
| 072 |
|
7 |
|a EDU040000
|2 bisacsh
|
| 082 |
0 |
4 |
|a 370.1
|2 23
|
| 100 |
1 |
|
|a Davids, Nuraan.
|e author.
|
| 245 |
1 |
0 |
|a Tolerance and Dissent within Education
|h [electronic resource] :
|b On Cultivating Debate and Understanding /
|c by Nuraan Davids, Yusef Waghid.
|
| 264 |
|
1 |
|a Cham :
|b Springer International Publishing :
|b Imprint: Palgrave Macmillan,
|c 2017.
|
| 300 |
|
|
|a XVI, 187 p.
|b online resource.
|
| 336 |
|
|
|a text
|b txt
|2 rdacontent
|
| 337 |
|
|
|a computer
|b c
|2 rdamedia
|
| 338 |
|
|
|a online resource
|b cr
|2 rdacarrier
|
| 347 |
|
|
|a text file
|b PDF
|2 rda
|
| 505 |
0 |
|
|a Chapter 1. Revisiting Some Liberal Views on Tolerance -- Chapter 2. Educational Encounters and the Pursuit of Conditional Tolerance -- Chapter 3. On a Tolerance of Conscience: Towards Equal Respect in Educational Encounters -- Chapter 4. Respect, Disrespect, Liberty and Tolerance -- Chapter 5. Openness with Tolerance through Educational Encounters -- Chapter 6. Modes of Disagreement and Conflict and Tolerance -- Chapter 7. Friendship, Disruptive Educational Encounters and Tolerance -- Chapter 8. Judgement, Forgiveness, Tolerance and Educational Encounters -- Chapter 9. Inclusion/Exclusion, Tolerance and Educational Encounters -- Chapter 10. Cosmopolitanism, Tolerance and Educational Encounters.
|
| 520 |
|
|
|a This book explores how the concept of tolerance might be understood, cultivated and enacted in and through educational encounters. It argues that by opening up educational encounters to allow for ‘dissent’ – that is, disagreement, criticism and open dialogue – our everyday social life experiences and relationships would flourish, and potentially allow for a more peaceful and harmonious co-existence alongside those with whom we disagree. Dissent does not mean that ‘anything goes’; what is needed is considerate and responsible recognition of distinct and diverse perspectives. Tolerance is sometimes regarded as a simple and uncritical celebration of difference, and sometimes dismissed as a necessary and resentful acceptance of others. Here, the authors make a compelling case for ‘conditional tolerance’, which requires us to continuously reflect on the limits of what we are willing to tolerate. The book will be an indispensable resource for researchers and students working in the areas of education, philosophy and sociology, particularly those with an interest in educational freedom, democracy and social justice. .
|
| 650 |
|
0 |
|a Education.
|
| 650 |
|
0 |
|a Philosophy and social sciences.
|
| 650 |
|
0 |
|a Educational policy.
|
| 650 |
|
0 |
|a ducation and state.
|
| 650 |
|
0 |
|a Educational sociology.
|
| 650 |
|
0 |
|a Education
|x Philosophy.
|
| 650 |
|
0 |
|a Education and sociology.
|
| 650 |
|
0 |
|a Sociology, Educational.
|
| 650 |
1 |
4 |
|a Education.
|
| 650 |
2 |
4 |
|a Educational Philosophy.
|
| 650 |
2 |
4 |
|a Philosophy of Education.
|
| 650 |
2 |
4 |
|a Educational Policy and Politics.
|
| 650 |
2 |
4 |
|a Sociology of Education.
|
| 650 |
2 |
4 |
|a Sociology of Education.
|
| 700 |
1 |
|
|a Waghid, Yusef.
|e author.
|
| 710 |
2 |
|
|a SpringerLink (Online service)
|
| 773 |
0 |
|
|t Springer eBooks
|
| 776 |
0 |
8 |
|i Printed edition:
|z 9783319581088
|
| 856 |
4 |
0 |
|u http://dx.doi.org/10.1007/978-3-319-58109-5
|z Full Text via HEAL-Link
|
| 912 |
|
|
|a ZDB-2-EDA
|
| 950 |
|
|
|a Education (Springer-41171)
|